THE CODE OF CIVIL PROCEDURE WITH CHAPTER SUMMARY (Record no. 23013)
[ view plain ]
| 000 -LEADER | |
|---|---|
| fixed length control field | 00354nam a22001457a 4500 |
| 003 - CONTROL NUMBER IDENTIFIER | |
| control field | SGT |
| 020 ## - INTERNATIONAL STANDARD BOOK NUMBER | |
| International Standard Book Number | 9789386456250 |
| 082 ## - DEWEY DECIMAL CLASSIFICATION NUMBER | |
| Classification number | 347.05 |
| Item number | MAT |
| 100 ## - MAIN ENTRY--PERSONAL NAME | |
| Personal name | MATHUR , D N |
| 245 ## - TITLE STATEMENT | |
| Title | THE CODE OF CIVIL PROCEDURE WITH CHAPTER SUMMARY |
| 250 ## - EDITION STATEMENT | |
| Edition statement | 4 |
| 260 ## - PUBLICATION, DISTRIBUTION, ETC. (IMPRINT) | |
| Place of publication, distribution, etc | ALLAHABAD |
| Name of publisher, distributor, etc | CENTRAL LAW PUBLICATION |
| Year of Publication | 2021 |
| 300 ## - PAGE DESCRIPTION | |
| No. of Pages | LXXVI ,924 |
| 942 ## - ADDED ENTRY ELEMENTS (KOHA) | |
| Source of classification or shelving scheme | Dewey Decimal Classification |
| Koha item type | Books |
| 942 ## - ADDED ENTRY ELEMENTS (KOHA) | |
| -- | 2 |
| Withdrawn status | Lost status | Source of classification or shelving scheme | Damaged status | Not for loan | Collection code | Home library | Current library | Shelving location | Date acquired | Vendor Name | Cost, normal purchase price | SGTU | Bill Number | Full call number | Accession No. (Barcode) | Date last seen | Bill Date | Koha item type | Total Checkouts | Date last borrowed |
|---|---|---|---|---|---|---|---|---|---|---|---|---|---|---|---|---|---|---|---|---|
| Dewey Decimal Classification | Not For Loan | LAW | SGT Science & Social Sciences Library | SGT Science & Social Sciences Library | Reference Book | 18/07/2022 | AHUJA BOOK COMPANY | 580.00 | SGTU | 14697 | 347.05 MAT | FL2792 | 18/07/2022 | 30/06/2020 | Books | |||||
| Dewey Decimal Classification | LAW | SGT Science & Social Sciences Library | SGT Science & Social Sciences Library | Text Book | 18/07/2022 | AHUJA BOOK COMPANY | 580.00 | SGTU | 14697 | 347.05 MAT | FL2793 | 18/07/2022 | 30/06/2020 | Books | ||||||
| Dewey Decimal Classification | LAW | SGT Science & Social Sciences Library | SGT Science & Social Sciences Library | Text Book | 18/07/2022 | AHUJA BOOK COMPANY | 580.00 | SGTU | 14697 | 347.05 MAT | FL2794 | 18/07/2022 | 30/06/2020 | Books | ||||||
| Dewey Decimal Classification | LAW | SGT Science & Social Sciences Library | SGT Science & Social Sciences Library | Text Book | 18/07/2022 | AHUJA BOOK COMPANY | 580.00 | SGTU | 14697 | 347.05 MAT | FL2795 | 09/03/2024 | 30/06/2020 | Books | 2 | 07/03/2024 | ||||
| Dewey Decimal Classification | LAW | SGT Science & Social Sciences Library | SGT Science & Social Sciences Library | Text Book | 18/07/2022 | AHUJA BOOK COMPANY | 580.00 | SGTU | 14697 | 347.05 MAT | FL2796 | 23/08/2023 | 30/06/2020 | Books |